The Last Shadow Puppets Lyrics - Sweet Dreams, TN - Statistics

General Stats
  • This quiz has been taken 129 times
  • The average score is 173 of 193
Answer Stats
Lyrics % Correct
Dreams,
100%
I
100%
in
100%
Sweet
100%
a
99%
an
99%
baby
99%
Baby,
99%
fallen
99%
just
99%
love?
99%
love
99%
Love
99%
to
99%
with
99%
without
99%
you,
99%
You
99%
you
99%
any
97%
it
97%
It's
97%
lick
97%
like
97%
of
97%
really
97%
sick
97%
Tennessee
97%
the
97%
The
97%
anything
96%
feel
96%
my
96%
seem
96%
ain't
94%
Ain't
94%
And
94%
and
94%
got
94%
spring
94%
all
93%
day
93%
dick
93%
first
93%
me
93%
piercing
93%
septum
93%
that
93%
your
93%
be
91%
everyone's
91%
I'm
91%
pits
91%
You're
91%
ache
90%
have
90%
sort
90%
crazy
88%
jaw
88%
made
88%
Nothing
88%
seems
88%
tell
88%
can't
87%
Miss
87%
nostril
87%
Seven
87%
stick
87%
always
86%
bad
86%
Little
86%
luck
86%
pals
86%
tongue
86%
years
86%
alright
84%
don't
84%
f***
84%
is
84%
clearer?
83%
losing
83%
on
81%
fool
80%
recognise
80%
this
80%
we
80%
Could
78%
idea
78%
out
78%
while
78%
bet
77%
for
77%
know
77%
lips
77%
loopy,
77%
might
77%
Completely
75%
falling
75%
him
75%
ought
75%
catch
74%
kiss
74%
mirror
74%
smash
74%
Darling,
72%
seen
72%
say
71%
as
70%
bits
70%
quit
70%
will
70%
room
68%
what
68%
blows
65%
figure
65%
ridiculous
65%
you've
62%
shrinking
61%
existed
58%
along's
55%
parlour
45%
Woah,
32%
No matching quizzes found
Score Distribution
Percent of People with Each Score
Percentile by Number Answered
Your Score History
You have not taken this quiz